33 запитання і відповіді про Голодомор-геноцид (Запис № 420454)

МАРК-запис
000 -Лідер
fixed length control field 01155nam a22002537a 4500
001 - Контрольний номер
control field 137387
003 - Ідентифікатор контрольного номера
control field UA-OsUOA
005 - Дата та час останнього входження (трансакції)
control field 20201013115138.0
008 - Елементи даних фіксованої довжини – загальна інформація
fixed length control field 20190515b un ||||| |||| 00| 0 ukr d
020 ## - Міжнародний стандартний книжковий номер (ISBN)
Міжнародний стандартний книжковий номер (ISBN) (НП) 9786176423911
040 ## - Джерело каталогізації
Агенція оригінальної каталогізації UA-OsUOA
Мова каталогізації ukr
Агенція, яка здійснювала перезапис UA-OsUOA
Агенція, яка здійснювала модифікацію UA-OsUOA
041 ## - Код мови
Код мови тексту/ звукової доріжки чи окремого заголовка (П) ukr
080 ## - Індекс Універсальної десяткової класифікації
Індекс Універсальної десяткової класифікації (УДК) (НП) 94(477)"1932/1933"
090 ## - Локальний шифр розміщення
Класифікаційний індекс УДК 94(477)"1932/1933"
Авторський знак (НП) Т67
100 ## - Основне введення – ім’я особи
Ім’я особи (НП) Лапчинська Н. В.
245 ## - Відомості про назву
Назва (НП) 33 запитання і відповіді про Голодомор-геноцид
Дані про відповідальність (НП) Н. В. Лапчинська
260 ## - Публікація, розповсюдження і т.п. (Вихідні дані)
Місце публікації, розповсюдження і т.п. (П) Дрогобич
Ім’я/ наймення видавництва, розповсюджувача і т.п. (П) Коло
Дата публікації, розповсюдження і т.п. (П) 2018
300 ## - Фізичний опис
Обсяг 88 с.
Супроводжувальний матеріал іл.
520 ## - Резюме і т.п.
Резюме, реферат, анотація, тощо (НП) Науково-популярне видання, адресоване вчителям, студентам, краєзнавцям і усім, хто хоче дізнатися про передумови й політико-організаційні механізми вчинення у 1932-1933 роках злочину геноциду української нації.
650 #7 - Додаткове предметне введення – тематичний термін
Тематичний термін чи географічна назва, як елемент введення (НП) 94 Історія
Джерело заголовка чи терміна UDC
942 ## - Додаткові елементи входу (Коха)
Тип елемента Koha Книги
Source of classification or shelving scheme Universal Decimal Classification
955 ## - Код типу видання за змістом
Код типу видання за змістом (НП) Науково-популярні видання
Фонди
Стан вилучень Стан втрат Джерело класифікації або схеми стелажів Стан уражень Не для кредиту Постійне місце розташування Поточне розміщення Дата придбання Джерело придбання Вартість, звичайна ціна покупки Інвентарний номер Усього замовленно Повний номер виклику Штрих-код Перевірено Дата останнього перегляду Дата останньої перевірки Вартість, ціна заміни Ціна ефективна від Тип елемента Koha
    Universal Decimal Classification     АБ - Абонемент НБ АБ - Абонемент НБ 05/10/2020 №19/01.10.2020 25.00     94(477)"1932/1933" Т67 162903   25/11/2025   25.00 05/10/2020 Книги
    Universal Decimal Classification     АБ - Абонемент НБ ЧЗ - Читальна зала 15/05/2019 28/2019 25.00 161519 1 94(477)"1932/1933" Т67 161519 06/01/2020 25/01/2022 08/10/2019 25.00 15/05/2019 Книги